Espacios rurales y urbanos en el mundo de hoy /

Guardado en:
Autor Principal: Fuente, Lisandro de La
Otros Autores: Sternberg, Carolina
Formato: Libro
Publicado: Buenos Aires : Longseller
Series:Polimodal
Materias:
Etiquetas: Agregar Etiqueta
Sin Etiquetas, Sea el primero en etiquetar este registro!
LEADER 00804nam a22002295a 4500
001 CEM.cems011020
005 20071212142452.0
008 130507b######################000#0#####d
003 CEMS
020 |a 9879481895 
082 0 4 |a 330.9 
100 1 |a Fuente, Lisandro de La 
245 1 0 |a Espacios rurales y urbanos en el mundo de hoy /  |c Lisandro de La Fuente, Carolina Sternberg 
260 |a Buenos Aires :  |b Longseller 
300 |a 97 p. 
490 0 |a Polimodal 
505 0 |a Campo y ciudad, historia de una relación asimétrica -- Pensando las ciudades -- Pensando el campo 
653 |a Geografía 
653 |a Geografía-polimodal 
700 1 |a Sternberg, Carolina 
859 |a CEMS  |b BIB. CEMS - 11 de abril  |h 330.9  |i F952  |p 21815.02  |t Ej.1 
859 |a CEMS  |b BIB. CEMS - Agricultura  |h 330.9  |i F952  |p A0649.06  |t Ej.1